000 00533nam a2200205 i 4500
001 bg
100 1 _aSiwoń, Bolesław.
245 1 0 _aJak liczy menedżer? /
_cBolesław Siwoń.
260 _aWarszawa :
_bWydaw. Naukowe PWN,
_c1992.
300 _a140, [2] s. ;
_c21 cm.
490 1 _aEkonomia Na Co Dzień
830 _aEkonomia Na Co Dzień
020 _a8301110767
040 _cBPK
041 _apol
080 _a658.14/.17:657.47
920 _a83-01-11076-7
942 _cKS
008 s pl f |000 0 pol
999 _c5707
_d5707
856 _uhttp://koha.tu.koszalin.pl/cgi-bin/koha/opac-detail.pl?biblionumber=5707
_yKatalog online BPK